000 00507nam a2200181Ia 4500
008 090124s9999 xx 000 0 und d
082 _b118032
100 _aआठल्ये अ.त्र्य.
245 _a सुप्रभात
250 _a1
260 _c1979
300 _a153
600 _aआठल्ये अ.त्र्य.
630 _a सुप्रभात
700 _aआठल्ये अ.त्र्य.
730 _a सुप्रभात
942 _cBOOK
999 _c164119
_d164119